00562nam a22001097a 4500040000800000082002700008100004100035245031100076260002600387300002300413856001600436 cRUA aAED HOK 2018 B649 Or.1 aHOK LYHONG ហុក លីហុង athe study on the maintenance of trail in peamumtea commune, kampong trabek distric, pry veng province សិក្សារអំពីការថែទាំផ្លូវលំ នៅឃុំពាមមន្ទារ ស្រុកកំពងត្របែក ខេត្តព្រៃវែង aRUAbPhnom penhc2018 axi;45pbill;c29cm u HOK LYHONG